Sonic CD Stages - Statistics

General Stats
  • This quiz has been taken 74 times
  • The average score is 6 of 7
Answer Stats
# Zone % Correct
6 Stardust Speedway
98%
1 Palmtree Panic
95%
7 Metallic Madness
93%
5 Wacky Workbench
93%
2 Collision Chaos
89%
4 Quartz Quadrant
89%
3 Tidal Tempest
86%
No matching quizzes found
Score Distribution
Percent of People with Each Score
Percentile by Number Answered
Your Score History
You have not taken this quiz